| 000 | 01582nam a22002897i 4500 | ||
|---|---|---|---|
| 003 | EG-GICUC | ||
| 005 | 20260419111606.0 | ||
| 008 | 260419s1972 ua ||||fr|||| 00| 0 ara d | ||
| 017 |
_a2185/1972 _d1972 |
||
| 040 |
_a EG-GICUC _bara _c EG-GICUC _d EG-GICUC _erda |
||
| 082 | 0 | 4 |
_221 _a345.455 _bم ح . م |
| 092 | 0 | 4 | _221 |
| 099 | _aLaw1 07 345.455 م ح . م 1972 | ||
| 100 | 1 |
_aمحمد عبد المجيد مرعي _eAuthor. |
|
| 245 |
_aملحق الموسوعه الحديثه فى شرح نظام العاملين فى القطاع العام : _bالمؤسسات العامه والواحدات الاقفتصاديه التابعه لها وقانون الهيئات العامه / _cمحمد عبد المجيد مرعي. |
||
| 264 | 1 |
_aالقاهره : _bمطبعه دار البيان, _c1972. |
|
| 300 |
_a147صفحة _bإيضاحيات، صور، مثيليات ؛ _c24 سم |
||
| 336 |
_2rda content _atext |
||
| 337 |
_2rda media _aComputer |
||
| 338 |
_2rda carrier _aOnline Resource |
||
| 505 | _aالقانون رقم 60 لسنه 1971 والقانون رقم 61 لسنه 1971 القرار الجمهوري رقم 2421 لسنه 1971 التعليق على نصوص القانون الجديده بالمقارنه بالقوانين الملغاه وما استحدثته من مزايا للعاملين بالقطاع العام | ||
| 650 | 1 |
_aالنظام القانوني للعاملين بالقطاع العام _2qrmak |
|
| 651 | 1 | _2qrmak | |
| 856 | 4 | 0 | _uhttps://fll.law.cu.edu.eg/B07-01655/bks/test.pdf |
| 905 | _a163 | ||
| 942 |
_2ddc _cBK _e21 _n0 |
||
| 999 |
_c71846 _d71846 |
||